| 000 | 00366nam a22001457a 4500 | ||
|---|---|---|---|
| 008 | 210308b ||||| |||| 00| 0 eng d | ||
| 020 | _a9781305003972 | ||
| 041 | _aeng | ||
| 080 | _a510 | ||
| 082 | _a510 | ||
| 100 | _a36 | ||
| 101 | _a510 | ||
| 245 |
_aSpecial Version of Gustafson College Algebra for MTH 103 College Algebra _cGustafson,D.R |
||
| 942 |
_2udc _cBK |
||
| 999 |
_c55948 _d55948 |
||